| 000 | 00528nam a2200205Ia 4500 | ||
|---|---|---|---|
| 005 | 20250923144736.0 | ||
| 008 | 008 250917s9999 xx 000 0 eng d | ||
| 037 | _aTextual | ||
| 040 |
_aDSWL _beng _cDSWL |
||
| 041 |
_aeng _2eng |
||
| 084 | _qDSWL | ||
| 100 |
_aHarris, Irving D. _9827939 |
||
| 245 | 0 |
_aNormal children and mothers _cby Irving D. Harris |
|
| 260 |
_bFree press of Glencoe _c1959 |
||
| 300 | _ax,288p. | ||
| 365 |
_aUSD _b6 |
||
| 925 | _g6 | ||
| 942 | _cTEXL | ||
| 999 |
_c1442753 _d1442753 |
||